|
|
|
|
| LEADER |
00989naa a2200217 i 4500 |
| 001 |
acta86270 |
| 005 |
20250113133314.0 |
| 008 |
250113s2023 hu o 100 hun d |
| 020 |
|
|
|a 978-615-6060-68-6
|
| 040 |
|
|
|a SZTE Egyetemi Kiadványok Repozitórium
|b hun
|
| 041 |
|
|
|a hun
|
| 100 |
1 |
|
|a Oláh Szabolcs
|
| 245 |
1 |
0 |
|a Vitézi telkek Jász-Nagykun-Szolnok vármegye területén
|h [elektronikus dokumentum] :
|b [absztrakt] /
|c Oláh Szabolcs
|
| 260 |
|
|
|a Belvedere Meridionale
|b Szeged
|c 2023
|
| 300 |
|
|
|a 25
|
| 490 |
0 |
|
|a Szegedi Történészhallgatók Egyesületének Konferenciái
|v 5
|
| 650 |
|
4 |
|a Bölcsészettudományok
|
| 650 |
|
4 |
|a Történettudomány és régészet
|
| 695 |
|
|
|a Vitézi Rend - előadáskivonat, Jász-Nagykun-Szolnok vármegye története - előadáskivonat
|
| 711 |
|
|
|a Szegedi Történészhallgatók Egyesületének konferenciája (5.)
|c Szeged
|d 2023. március 30-31.
|
| 856 |
4 |
0 |
|u http://acta.bibl.u-szeged.hu/86270/1/SZETE_absztraktkotet_005_025.pdf
|z Dokumentum-elérés
|